Statistiques concernant Villes du Royaume-Uni - Carte Quiz

Cliquez ici pour prendre le quiz!

Statistiques générales

  • Ce quiz a été pris 4 478 fois
  • Le résultat moyen est 10 sur 21

Réponses sur la Carte

Les réponses sont colorées sur une échelle allant du rouge au vert en fonction du pourcentage des utilisateurs qui les ont devinées à leur premier essai. Vous pouvez retrouver ces pourcentages ci-dessous.
Chargement ...
 

Statistiques - réponses

Réponse% Correct
Londres
94%
Cardiff
67%
Manchester
67%
Belfast
66%
Glasgow
62%
Édimbourg
62%
Douvres
60%
Liverpool
59%
Plymouth
52%
Aberdeen
46%
Newcastle
45%
Birmingham
44%
Oxford
44%
Bristol
42%
Brighton
41%
Derry
36%
Kirkwall
35%
Inverness
34%
York
30%
Norwich
29%
Douglas
28%

Distribution des résultats

Percentile par nombre de réponses

% des personnes avec chaque résultat

Votre développement - résultats

Vous n’avez pas pris ce quiz